Countries Of The World - Statistics

General Stats
  • This quiz has been taken 175 times
  • The average score is 127 of 196
Answers on the Map
Answers color-coded by a green-red scale on the quiz's map according to % correct below.
 
Answer Stats
Country % Correct
United States
98%
Canada
96%
Mexico
94%
Australia
92%
China
92%
France
92%
Italy
92%
Russia
92%
United Kingdom
92%
Brazil
90%
Iceland
90%
India
90%
Japan
90%
South Africa
90%
Sweden
90%
Chile
88%
Denmark
88%
Finland
88%
Germany
88%
Norway
88%
South Korea
88%
Spain
88%
Thailand
88%
Turkey
88%
Ukraine
88%
Argentina
86%
Pakistan
86%
Portugal
86%
Egypt
84%
Indonesia
84%
Mongolia
84%
North Korea
84%
Austria
82%
Belgium
82%
Iran
82%
Iraq
82%
Ireland
82%
Morocco
82%
Poland
82%
Switzerland
82%
Colombia
80%
Greece
80%
Madagascar
80%
Hungary
78%
Oman
78%
Peru
78%
Saudi Arabia
78%
Sudan
78%
Uruguay
78%
Democratic Republic of the Congo
76%
Israel
76%
Netherlands
76%
Yemen
76%
Albania
74%
Croatia
74%
Czech Republic
74%
Estonia
74%
Kazakhstan
74%
New Zealand
74%
Niger
74%
Nigeria
74%
Paraguay
74%
Romania
74%
Uzbekistan
74%
Vietnam
74%
Afghanistan
72%
Bulgaria
72%
Chad
72%
Cuba
72%
North Macedonia
72%
Panama
72%
Republic of the Congo
72%
Serbia
72%
Slovakia
72%
South Sudan
72%
Vatican City
72%
Bolivia
70%
Dominican Republic
70%
Ethiopia
70%
Latvia
70%
Lithuania
70%
Nepal
70%
Syria
70%
Belarus
68%
Bosnia and Herzegovina
68%
Cyprus
68%
Kosovo
68%
Slovenia
68%
United Arab Emirates
68%
Venezuela
68%
Zambia
68%
Georgia
66%
Kenya
66%
Lebanon
66%
Costa Rica
64%
Guatemala
64%
Jordan
64%
Malaysia
64%
Montenegro
64%
Myanmar
64%
Philippines
64%
Qatar
64%
Somalia
64%
Sri Lanka
64%
Taiwan
64%
Zimbabwe
64%
Algeria
62%
Armenia
62%
Bahamas
62%
Ecuador
62%
Fiji
62%
Ghana
62%
Haiti
62%
Honduras
62%
Libya
62%
Luxembourg
62%
Moldova
62%
Mozambique
62%
Papua New Guinea
62%
Andorra
60%
Angola
60%
Cambodia
60%
Cameroon
60%
Dominica
60%
Jamaica
60%
Laos
60%
Liechtenstein
60%
Mali
60%
Malta
60%
San Marino
60%
Suriname
60%
Tunisia
60%
Turkmenistan
60%
Bangladesh
58%
Guyana
58%
Maldives
58%
Azerbaijan
56%
Central African Republic
56%
Guinea
56%
Kyrgyzstan
56%
Nicaragua
56%
Monaco
54%
Rwanda
54%
Senegal
54%
Singapore
54%
Tanzania
54%
Togo
54%
El Salvador
52%
Kuwait
52%
Namibia
52%
Trinidad and Tobago
52%
Antigua and Barbuda
50%
Barbados
50%
Botswana
50%
Tajikistan
50%
Bahrain
48%
Belize
48%
Bhutan
48%
Gambia
48%
Ivory Coast
48%
Liberia
48%
Mauritius
48%
Uganda
48%
Benin
46%
Equatorial Guinea
46%
Eritrea
46%
Gabon
46%
Lesotho
46%
Mauritania
46%
Burkina Faso
44%
Djibouti
44%
Eswatini
44%
Seychelles
44%
Cape Verde
42%
East Timor
42%
Brunei
40%
Burundi
40%
Federated States of Micronesia
40%
Guinea-Bissau
40%
Palau
40%
Saint Kitts and Nevis
40%
Samoa
40%
Sierra Leone
40%
Tonga
40%
Saint Lucia
38%
Saint Vincent and the Grenadines
38%
Solomon Islands
38%
Tuvalu
38%
Comoros
36%
Malawi
36%
São Tomé and Príncipe
34%
Vanuatu
34%
Grenada
32%
Kiribati
32%
Marshall Islands
32%
Nauru
32%
No matching quizzes found
Score Distribution
Percent of People with Each Score
Percentile by Number Answered
Your Score History
You have not taken this quiz